00785nam a22002057a 450000500170000001000150001702000260003203500140005803700090007208200060008110000260008724500840011326000430019727000760024030000200031670000420033694200200037899900190039895201620041720241024141349.0 aENG-142354 c395.00a9789383649815 aEN-125886 bDBAD aN aHale, Roger R.973376 aThree Chinese travellers in India/cBy Roger R. Hale [and] Elizabeth Chien Hale aNew DelhibKW Publishers Pvt Ltdc2016 bNew DelhiaKW Publishers Pvt Ltd;e110002k91 1143528107k91 1143528107 a176p.c22cm(pb) aHale, Elizabeth Chien eAuthor973377 2ddccENhNmHAL c206700d206700 001040708FICaLbLd2024-10-24eDelivery of Books Act Divisiong395.00l1m2oN HALpEN-125886r2026-03-13 00:00:00s2026-02-19t1v395.00w2024-10-24yEN